000 00365nam a2200145Ia 4500
008 230917s9999||||xx |||||||||||||| ||und||
040 _e196949
_aMAIN
041 _aEnglish
082 _a338.4791 M294E
100 _aMalhotra, R K
245 0 _aEconomic dimensions of tourism
260 _aNew Delhi
_bAnmol Publications
_c1998
300 _a382 p.
942 _cBK
999 _c130456
_d130456